MARC

LEADER 00000nam0a2200000 4500
001 336111
005 20231102004824.0
010 |a 5120093566 
020 |a RU  |b 88-59817 
035 |a (RuTPU)RU\TPU\book\362527 
090 |a 336111 
100 |a 20171010d1988 k y0rusy5003 ca 
101 0 |a rus 
102 |a UA 
105 |a a z 001zy 
200 1 |a Взаимодействие волн давления с незамкнутыми поверхностями  |f В. В. Дыхта  |g Академия наук Украинской ССР (АН УССР) 
210 |a Киев  |c Наукова думка  |d 1988 
215 |a 174 с. 
320 |a Библиогр.: с. 158-171 
606 |a Электромагнитные волны  |x Дифракция  |x (электрофизика)  |2 stltpush  |3 (RuTPU)RU\TPU\subj\20171  |9 45292 
610 1 |a взаимодействие 
610 1 |a задачи Штурма-Лиувилля 
610 1 |a решения 
610 1 |a собственные колебания 
610 1 |a линейные операторы 
610 1 |a дисперсионное уравнение 
610 1 |a автоколебания 
610 1 |a акустические резонаторы 
675 |a 537.874  |v 3 
700 1 |a Дыхта  |b В. В.  |g Виктор Валентинович 
712 0 2 |a Академия наук Украинской ССР (АН УССР)  |c (1936-1991)  |2 stltpush  |3 (RuTPU)RU\TPU\col\332 
801 0 |a RU  |b RuMRKP  |c 19950417  |g psbo 
801 1 |a RU  |b 63413507  |c 20171010 
801 2 |a RU  |b 63413507  |c 20171027  |g RCR 
942 |c BK